Loreto College Library, Kolkata
WEBOPAC (ONLINE PUBLIC ACCESS CATALOGUE)

Tafhimul Quran Ampara (Record no. 23098)

MARC details
000 -LEADER
fixed length control field 00486nam a2200193Ia 4500
005 - DATE AND TIME OF LATEST TRANSACTION
control field 20231004100133.0
008 - FIXED-LENGTH DATA ELEMENTS--GENERAL INFORMATION
fixed length control field 131103s9999 xx 000 0 und d
020 ## - ISBN | অাই এস বি এন
PRICE Rs.25.00
040 ## - CATALOGING SOURCE
Original cataloging agency Loreto College
041 ## - LANGUAGE CODE
Language code English
082 ## - DDC | ডিউই
Classification number | বর্গসংখ্যা 297.12
Book Number | গ্রন্থাঙ্ক KOR
100 ## - MAIN ENTRY--PERSONAL NAME | মুখ্য সংলেখ - ব্যাক্তিনাম
Personal name | ব্যাক্তিনাম Maududi, Syed Abul Ala
245 ## - TITLE STATEMENT | অাখ্যা বিবরণী
Title | অাখ্যা Tafhimul Quran Ampara
Statement of responsibility | লেখকের দায়িত্বের বিবরণ Syed Abul Ala Maududi
260 ## - IMPRINT | প্রকাশনা ক্ষেত্র
Place of publication | প্রকাশ স্থান Calcutta
Name of publisher | প্রকাশকের নাম Bangla Islami
Date of publication | প্রকাশ কাল 1983
300 ## - PHYSICAL DESCRIPTION |
Page / Vol. No | পৃষ্ঠা / খন্ড সংখ্যা 333p.
650 ## - SUBJECT ADDED ENTRY--TOPICAL TERM | বিষয় শিরোনাম - মূল বিষয়
Topical term | মূল বিষয় Koran & Hadid
850 ## - HOLDING INSTITUTION
Holding institution LCLIB
942 ## - ADDED ENTRY ELEMENTS (KOHA)
Koha item type Books
Holdings
Withdrawn status Lost status Source of classification Damaged status Not for loan Home library Current library Date acquired Total Checkouts Full call number Accession No. Date last seen Price effective from Koha item type Coded location qualifier
    Dewey Decimal Classification     Loreto College Loreto College 04/11/2013   297.12 KOR L 35652 B25695 04/11/2013 04/11/2013 Books